| 000 | 00434nam a22001697a 4500 | ||
|---|---|---|---|
| 005 | 20230912104608.0 | ||
| 010 | _aENG-137851 | ||
| 020 | _c1900.00 | ||
| 035 | _aEN-121383 | ||
| 037 | _bDBAD/PUB | ||
| 082 | _a342.54 | ||
| 245 | _aThe Constitution At 67/ | ||
| 260 |
_aNew Delhi _bSupreme Court Of India _c202? |
||
| 270 |
_aNew Delhi _bNew Delhi |
||
| 300 |
_a216p. _c30cm(Hb) |
||
| 942 |
_2ddc _cEN _h342.54 _mTHE |
||
| 999 |
_c197327 _d197327 |
||